00387 a2200109 4500001001000000005001700010008004100027245007600068100002500144773009100169999001700260ART_3975820260410162012.0260409a 10aNotas acerca de las bases doctrinarias de la concentración financiera1 aMagliano, Augusto C.0 tRevista de la Escuela de Economía y Negociosg- Año 1, Nº 1 (mar. 1999)wREV39725 c32335d32335